000 00378cam a2200145ua 4500
003 OSt
008 250609b |||||||| |||| 00| 0 eng d
041 _aeng
082 _a624.17
_bNAS/ST
100 _aNash, William A .
_97539
245 _aStrength of materials /
260 _aNew Delhi :
_bTata Mc-Graw Hill Publishing Company ,
_c2007.
300 _a ;
_e`.
942 _cBK
999 _c13012
_d13012